000 00989nam a2200241 i 4500
001 143315
003 ES-MaACL
005 20250823100555.0
007 t|
008 070214s1904 sp a |||| | spa d
100 1 _aSerrano y Aguado, Gregorio F.
_9132671
245 1 0 _aExplicación completa de la música polifónica de los siglos XVI y XVII /
_cobra escrita por Gregorio Fidel Serrano y Aguado.
260 _aMadrid :
_b[s. n.],
_c1904 (
_fImp. Ducazcal)
300 _a76 p. :
_bil. ;
_c22 cm.
530 _aDisponible en formato digital.
650 4 _aMúsica-
_vHistoria
_915391
852 _aES-MaACL
_j1674-F-19
_bR.4664
_9148490
_cDEPOF
_zRevisado enlace: 02 de Abril de 2025
852 _aES-MaACL
_jT-1059-F-3
_cDEPOF
_g Dedicatoria autógrafa del autor
_9 148490
856 _uhttp://bdh-rd.bne.es/viewer.vm?id=0000157600&page=1
_yBiblioteca Digital Hispánica
903 _9132671
_aSerrano y Aguado, Gregorio F.
_eaut
942 _2udc
999 _c143315
_d143315